Моделирование поверхностных конденсационных теплоутилизаторов дымовых газов для подогрева воздуха; Энергетика Татарстана; № 2 (42)
| Parent link: | Энергетика Татарстана.— , 2005- № 2 (42).— 2016.— [С. 39-44] |
|---|---|
| Yazar: | |
| Müşterek Yazar: | |
| Özet: | Заглавие с экрана Разработана математическая модель установки по глубокой утилизации тепла дымовых газов с использованием воздуха в качестве нагреваемой среды. Создан программный продукт, позволяющий проектировать установки на различную производительность, проводить поверочные расчеты и подбирать оптимальную конструкцию. Приведены несколько вариантов установок, спроектированных дляразных случаевприменения. Is developed a mathematical model of installation for deep heat recovery from the flue gas using air as the heated medium. Corresponding software allows to design the installations for different performance, to carry out parametric verification and to select an optimal design. Are shown several options of installations designed for different applications. Режим доступа: по договору с организацией-держателем ресурса |
| Dil: | Rusça |
| Baskı/Yayın Bilgisi: |
2016
|
| Konular: | |
| Online Erişim: | http://elibrary.ru/item.asp?id=26251406 |
| Materyal Türü: | MixedMaterials Elektronik Kitap Bölümü |
| KOHA link: | https://koha.lib.tpu.ru/cgi-bin/koha/opac-detail.pl?biblionumber=652141 |
MARC
| LEADER | 00000naa0a2200000 4500 | ||
|---|---|---|---|
| 001 | 652141 | ||
| 005 | 20250327090737.0 | ||
| 035 | |a (RuTPU)RU\TPU\network\17404 | ||
| 090 | |a 652141 | ||
| 100 | |a 20161202d2016 k||y0rusy50 ca | ||
| 101 | 0 | |a rus | |
| 102 | |a RU | ||
| 135 | |a drcn ---uucaa | ||
| 181 | 0 | |a i | |
| 182 | 0 | |a b | |
| 200 | 1 | |a Моделирование поверхностных конденсационных теплоутилизаторов дымовых газов для подогрева воздуха |d Simulation of plate-type condensing flue gas heat recovery units for air heating |f В. В. Беспалов | |
| 203 | |a Текст |c электронный | ||
| 300 | |a Заглавие с экрана | ||
| 320 | |a [Библиогр.: 13 назв.] | ||
| 330 | |a Разработана математическая модель установки по глубокой утилизации тепла дымовых газов с использованием воздуха в качестве нагреваемой среды. Создан программный продукт, позволяющий проектировать установки на различную производительность, проводить поверочные расчеты и подбирать оптимальную конструкцию. Приведены несколько вариантов установок, спроектированных дляразных случаевприменения. | ||
| 330 | |a Is developed a mathematical model of installation for deep heat recovery from the flue gas using air as the heated medium. Corresponding software allows to design the installations for different performance, to carry out parametric verification and to select an optimal design. Are shown several options of installations designed for different applications. | ||
| 333 | |a Режим доступа: по договору с организацией-держателем ресурса | ||
| 461 | |t Энергетика Татарстана |d 2005- | ||
| 463 | |t № 2 (42) |v [С. 39-44] |d 2016 | ||
| 510 | 1 | |a Simulation of plate-type condensing flue gas heat recovery units for air heating |z eng | |
| 610 | 1 | |a электронный ресурс | |
| 610 | 1 | |a труды учёных ТПУ | |
| 610 | 1 | |a энергосбережение | |
| 610 | 1 | |a утилизация | |
| 610 | 1 | |a конденсаторы | |
| 610 | 1 | |a теплообменники | |
| 610 | 1 | |a тепловые электростанции | |
| 610 | 1 | |a газовые котлы | |
| 610 | 1 | |a конденсация | |
| 610 | 1 | |a водяные пары | |
| 610 | 1 | |a дымовые газы | |
| 610 | 1 | |a воздушное отопление | |
| 610 | 1 | |a теплоутилизаторы | |
| 700 | 1 | |a Беспалов |b В. В. |c специалист в области информатики и вычислительной техники |c ведущий программист, доцент Томского политехнического университета, кандидат технических наук |f 1965- |g Виктор Владимирович |3 (RuTPU)RU\TPU\pers\26008 |9 11857 | |
| 712 | 0 | 2 | |a Национальный исследовательский Томский политехнический университет |b Энергетический институт |b Кафедра атомных и тепловых электростанций |3 (RuTPU)RU\TPU\col\18683 |9 27136 |
| 801 | 2 | |a RU |b 63413507 |c 20211119 |g RCR | |
| 856 | 4 | |u http://elibrary.ru/item.asp?id=26251406 | |
| 942 | |c CF | ||